Quizzes
Events
Quiz Creation
Community
Videos
Private Events
Remove Ads
Sign In
Join for FREE
Feedback
Dark Mode
Quiz Categories
Sports
Geography
Music
Movies
Television
Just For Fun
Miscellaneous
History
Literature
Language
Science
Gaming
Entertainment
Religion
Holiday
For Kids
Quiz Lab
Recent
Popular Today
Quiz Kudos Today
Editor Picks
Curator Picks
Quizzes by...
Day
Popularity
Type
Ratings
Length
Year
Community
Subscriptions
Recent Discussions
Orange Saloon
Badges
Playlists
Quests
Create
Leaderboards
Showdown
Live 5
Trivia Bingo
Activity
Puzzle Library
Sporcle Events
Private Events
Virtual Trivia
Globe League
Become a Host
Pub Owners
SporcleCon
Opinionation
Our Games
Videos
Blog
Mobile Apps
Partnerships
Remove Ads and Go Orange
Feedback
History
US Presidents
World Leaders
Politics
Nation
Discovery
War
Decade
Year
Century
Biography
Art
History
US Presidents
World Leaders
Politics
Nation
Discovery
War
Decade
Year
Century
Biography
Art
Random Quiz
Search Sporcle
×
Quiz Lab
Quiz Lab
History
State
Type in answers that appear in a list
Type in answers that appear in a list
Classic
Best Score? Go Orange.
States by Current Governor (January 2013) Stats
Can you name the US States by their current governors?
By
benkrefetz
9m
50 Questions
185 Plays
185 Plays
185 Plays
Comments
Comments
Give Quiz Kudos
Give Quiz Kudos
-
- Ratings
hide this ad
More Info
Forced Order
Answers have to be entered in order
Answers have to be entered in order
Replay
Link that replays current quiz
Next Quiz
Link to next quiz in quiz playlist
You Got
0%
They Got
Avg Score
73%
Avg Friend Score
Upgrade to see
Score Distribution
Jump to the score distribution portion of the page
Score
0/50
Timer
09:00
0
Plays Today
Governor
State
% Correct
Chris Christie
New Jersey
98.4%
Andrew Cuomo
New York
97.3%
Rick Perry
Texas
94.6%
Jerry Brown
California
93.5%
Bobby Jindal
Louisiana
93%
Jan Brewer
Arizona
88.6%
Nikki Haley
South Carolina
88.6%
Scott Walker
Wisconsin
88.1%
John Kasich
Ohio
87%
Susana Martinez
New Mexico
85.4%
Deval Patrick
Massachusetts
85.4%
Rick Scott
Florida
84.3%
Martin O'Malley
Maryland
83.8%
Sam Brownback
Kansas
82.7%
Lincoln Chafee
Rhode Island
79.5%
John Hickenlooper
Colorado
79.5%
Neil Abercrombie
Hawaii
78.4%
Mike Pence
Indiana
76.8%
Pat Quinn
Illinois
75.7%
Mike Beebe
Arkansas
75.1%
Paul LePage
Maine
75.1%
Bob McDonnell
Virginia
74.1%
Brian Sandoval
Nevada
72.4%
Rick Snyder
Michigan
72.4%
Terry Branstad
Iowa
71.4%
Governor
State
% Correct
Tom Corbett
Pennsylvania
71.4%
Jay Nixon
Missouri
69.7%
Butch Otter
Idaho
69.2%
Maggie Hassan
New Hampshire
68.6%
Dan Malloy
Connecticut
68.6%
Sean Parnell
Alaska
67%
Robert Bentley
Alabama
66.5%
Mark Dayton
Minnesota
66.5%
Nathan Deal
Georgia
66.5%
Steve Beshear
Kentucky
64.9%
Dennis Daugaard
South Dakota
64.9%
Mary Fallin
Oklahoma
64.9%
Jay Inslee
Washington
63.8%
Peter Shumlin
Vermont
63.2%
Earl Ray Tomblin
West Virginia
61.6%
Pat McCrory
North Carolina
61.1%
John Kitzhaber
Oregon
60.5%
Jack Dalrymple
North Dakota
59.5%
Dave Heineman
Nebraska
59.5%
Gary Herbert
Utah
59.5%
Jack Markell
Delaware
59.5%
Phil Bryant
Mississippi
58.9%
Steve Bullock
Montana
58.4%
Bill Haslam
Tennessee
56.2%
Matt Mead
Wyoming
56.2%
Quiz Playlist
Details
Report
Send in Message
Add To Playlist
More Info:
This list is based on the governors as of January 14, 2013, by which point all governors elected in 2012 will have been sworn in.
Classic:
Type in answers that appear in a list
Forced Order:
Answers have to be entered in order
Quiz Source
Last Updated: Feb 16, 2017
Quiz Scoreboard
CHALLENGE
Sign Up to Join the Scoreboard
Show All
Scores
Hide
Comments
May contain spoilers
Recently Published
Street Fighter Characters
by Artimus82
Gaming
60s
9x9 Crossword: Cartoon Network
by jackfrog10
Miscellaneous
3m
College Basketball Coaching Resumes
by pancakes188
Sports
9m
More to Explore
Quiz From the Vault
Featured Blog Post
Where Did the Easter Bunny Come From?
hide this ad
You Might Also Like...
Tags
State Quiz
United States Quiz
2013
Governor
January
Today's Top Quizzes in History
Browse History
hide this ad
Today's Top Quizzes in State
Browse State
Top Contributed Quizzes in History
1
Popular People in 1991
2
Popular People in 1981
3
Popular People in 1951
4
Popular People in 1941
5
Popular People in 1986
6
Popular People in 1976
7
Popular People in 1921
8
5-to-1: 20th Century Images of War
9
I Am Born On March 28th
10
Popular People in 1946
Explore More
Trending Topics
Kpop
Anime
Harry Potter
Disney
Marvel
NBA
Crossword
The Office
WWE
Puzzle
NFL
Pokémon
Soccer
Song
Country
hide this ad
More By:
benkrefetz
Quiz
Plays
Rating
Category
Featured
Created
Massachusetts Towns
1,040
4.00
Geography
Aug 6, 2015
Simon and Garfunkel Song XVIII
300
4.25
Music
Jul 20, 2012
Simon and Garfunkel Song XVII
261
4.00
Music
Jul 20, 2012
States by Current Governor (January 2013)
185
4.00
History
Dec 30, 2012
Cambridge Neighborhoods
18
Geography
Feb 22, 2017
Go to Creator's Profile
Score Distribution
Quiz Creator Spotlight
benkrefetz
Follow
Send a Message
Quizzes Created
-
Created Quiz Play Count
-
More By This Creator
Popular Quizzes Today
1
Find the US States - No Outlines Minefield
2
Find the Countries of Europe - No Outlines Minefield
3
The Countries of the World
4
Find the US States
5
Risky Map Clicking: Biggest States A-Z
6
US States
7
Popular People in 1961
8
Movies - When Are They Set?
More History Quizzes
Spot the Canadian Prime Ministers
Published
Trending Quizzes
Risky Map Clicking: Least Populous States A-Z
1-10 Letter G Words
Risky Map Clicking: Next State Alphabetically
Adjectives in 80s TV Shows
The Seven Year Switch: Catherine
Recently Updated
Leaping Animals
pecheneg
Reality TV Shows (A-Z)
bhenderson79
Rickey Henderson's Hall of Fame Teammates
pecheneg
Champions League XIs: Arsenal
pecheneg
Quick Pick: Celebrities in WWE's Hall of Fame
aduchscher
A-Z Keypad Blitz II
pecheneg
Multiple Oscar Actors
pecheneg
Mystery Phrase Blitz: Oscar 'Best Actors'
pecheneg
F. Scott Fitzgerald Novels
LTH
Pick 3 Villains
ddd62291
Trending Topics
Disney
Marvel
NBA
Anime
Harry Potter
Kpop
Crossword
Song
Soccer
NFL
Country
Puzzle
WWE
The Office
Pokémon
Your Account Isn't Verified!
In order to create a playlist on Sporcle, you need to verify the email address you used during registration. Go to your
Sporcle Settings
to finish the process.
Report this User
Report this user for behavior that violates our
Community Guidelines
.
Details:
Send Report
Go to the Sporcle.com Mobile Site →
Comments